LIBRARY ONLINE CATALOGUE

The open secret : (Record no. 21159)

MARC details
000 -LEADER
fixed length control field 00991cam a2200325 i 4500
001 - CONTROL NUMBER
control field 4155435
003 - CONTROL NUMBER IDENTIFIER
control field OSt
005 - DATE AND TIME OF LATEST TRANSACTION
control field 20260129155606.0
008 - FIXED-LENGTH DATA ELEMENTS--GENERAL INFORMATION
fixed length control field 780613s1978 miu b 001 0 eng
010 ## - LIBRARY OF CONGRESS CONTROL NUMBER
LC control number 78016423
020 ## - INTERNATIONAL STANDARD BOOK NUMBER
International Standard Book Number 0802817521 :
Terms of availability $4.95
020 ## - INTERNATIONAL STANDARD BOOK NUMBER
International Standard Book Number 9780802817525
035 ## - SYSTEM CONTROL NUMBER
System control number 4155435
040 ## - CATALOGING SOURCE
Original cataloging agency DLC
Transcribing agency DLC
Modifying agency DLC
050 00 - LIBRARY OF CONGRESS CALL NUMBER
Classification number BV601.8
Item number .N4 1978
082 00 - DEWEY DECIMAL CLASSIFICATION NUMBER
Classification number 266
100 1# - MAIN ENTRY--PERSONAL NAME
Personal name Newbigin, Lesslie.
245 14 - TITLE STATEMENT
Title The open secret :
Remainder of title sketches for a missionary theology /
Statement of responsibility, etc. by Lesslie Newbigin.
260 ## - PUBLICATION, DISTRIBUTION, ETC. (IMPRINT)
Place of publication, distribution, etc. Grand Rapids :
Name of publisher, distributor, etc. Eerdmans,
Date of publication, distribution, etc. c1978.
300 ## - PHYSICAL DESCRIPTION
Extent viii, 214 p. ;
Dimensions 21 cm.
336 ## - CONTENT TYPE
Content type term text
Content type code txt
Source rdacontent
337 ## - MEDIA TYPE
Media type term unmediated
Media type code n
Source rdamedia
338 ## - CARRIER TYPE
Carrier type term volume
Carrier type code nc
Source rdacarrier
504 ## - BIBLIOGRAPHY, ETC. NOTE
Bibliography, etc Includes bibliographical references.
650 #0 - SUBJECT ADDED ENTRY--TOPICAL TERM
Topical term or geographic name as entry element Mission of the church.
650 #0 - SUBJECT ADDED ENTRY--TOPICAL TERM
Topical term or geographic name as entry element Missions
General subdivision Theory.
906 ## - LOCAL DATA ELEMENT F, LDF (RLIN)
a 7
b cbc
c orignew
d 1
e ocip
f 19
g y-gencatlg
942 ## - ADDED ENTRY ELEMENTS (KOHA)
Source of classification or shelving scheme Library of Congress Classification
Koha item type General Collection
Holdings
Withdrawn status Lost status Source of classification or shelving scheme Not for loan Home library Current library Shelving location Date acquired Source of acquisition Inventory number Total Checkouts Full call number Barcode Date last seen Copy number Price effective from Koha item type
    Library of Congress Classification   Kabarak, Main Campus Kabarak, Main Campus General Stacks 29/01/2026 Donation 2025/3721   BV601.8 .N4 1978 C.1 38743 29/01/2026 C.1 29/01/2026 General Collection